Miasta z największą liczbą ludności w Kanadzie - Statystyki

Ogólne statystyki
  • Ten quiz został rozwiązany 118 razy
  • Średni wynik to 4 z 5
Statystyki odpowiedzi
Miejsce Miasto Ludność % Poprawnych
1 Toronto 2 600 000
96%
2 Montreal 1 600 000
91%
4 Ottawa 812 129
91%
3 Calgary 1 019 942
54%
5 Edmonton 712 391
48%
Nie znaleziono quizów pasujących do podanych kryteriów
Rozkład punktacji
Procent ludzi z każdym wynikiem
Percentyl według liczby udzielonych odpowiedzi
Twoja historia wyników
Nie rozwiązałeś tego quizu